000 00675nam a22001695i 4500
001 48815
003 ES-MaACL
005 20230906161827.0
007 t|
008 950906s1897 sp ||||1| spa d
040 _aCAM
_bspa
_cCAM
110 2 _aEspaña.
_bMinisterio de Hacienda.
_93874
245 1 0 _aDisposiciones oficiales relativas a la creación, organización y régimen de la inspección facultativa de montes
_b: afecta a la Dirección General de propiedades y derechos del estado /
_cMinisterio de Hacienda.
260 _aMadrid :
_b[s.n.],
_c1897 (
_fRicardo Rojas)
300 _a68 p. ;
_c24 cm.
852 _aES-MaACL
_jG-9539(7)
_q. - Encuadernado con otras obras
999 _c48815
_d48815